[Event "Lichtenberger Sommer 2023"]
[Site "Berlin"]
[Date "2023.08.17"]
[Round "6.25"]
[White "Wiechert, Hans"]
[Black "Besombes, Romain"]
[Result "1/2-1/2"]
[WhiteElo "2151"]
[BlackElo "1867"]
[PlyCount "70"]
[EventDate "2023.??.??"]
[WhiteTeam "SC Untergrombach 46"]
[BlackTeam "SF Berlin 1903 e.V."]

1. d4 d5 2. c4 e6 3. Nf3 a6 4. Nbd2 Nf6 5. g3 c5 6. Bg2 Nc6 7. cxd5 exd5 8.
dxc5 Bxc5 9. O-O O-O 10. Nb3 Ba7 11. Nbd4 Bg4 12. Nxc6 bxc6 13. Qc2 Rc8 14. b3
Re8 15. Bb2 Qd6 16. Rad1 Ne4 17. Qd3 a5 18. Rc1 Bb6 19. Qa6 Rb8 20. Qd3 a4 21.
Nd4 Bd7 22. e3 axb3 23. axb3 Bd8 24. Qc2 Bf6 25. Ba1 h5 26. Rfd1 Rbc8 27. Ne2
Bxa1 28. Rxa1 Ng5 29. h4 Nh3+ 30. Kf1 Qf6 31. Nf4 Nxf4 32. exf4 Bg4 33. Rdc1
Ra8 34. Rxa8 Rxa8 35. Kg1 Ra1 1/2-1/2

[Event "Lichtenberger Sommer 2023"]
[Site "Berlin"]
[Date "2023.08.17"]
[Round "6.26"]
[White "Seth, Aakrit"]
[Black "Amelang, Thomas"]
[Result "1/2-1/2"]
[WhiteElo "1894"]
[BlackElo "2141"]
[PlyCount "82"]
[EventDate "2023.??.??"]
[WhiteTeam "SC Weisse Dame e.V."]
[BlackTeam "Münchener SC 1836 e.V."]

1. d4 Nf6 2. Nf3 g6 3. Bf4 d6 4. h3 Bg7 5. e3 O-O 6. Be2 Nbd7 7. c4 c5 8. Nc3
a6 9. a4 b6 10. O-O Rb8 11. Qd2 Re8 12. d5 Qc7 13. e4 Ne5 14. Bh2 Nxf3+ 15.
Bxf3 Bd7 16. Rfe1 Rbd8 17. Rad1 b5 18. axb5 axb5 19. cxb5 Qb6 20. Qd3 Ra8 21.
Ra1 Rec8 22. e5 Rxa1 23. Rxa1 dxe5 24. Bxe5 Ne8 25. Bxg7 Kxg7 26. Ra6 Qb8 27.
b6 Nf6 28. d6 exd6 29. b7 Re8 30. Ra8 Qc7 31. Nd5 Re1+ 32. Kh2 Qxb7 33. Nxf6
Bc6 34. Bxc6 Qxc6 35. Ra6 Qb7 36. Qxd6 Re6 37. Ne8+ Rxe8 38. Qf6+ Kg8 39. Rc6
Qb8+ 40. g3 Qe5 41. Qxe5 Rxe5 1/2-1/2

[Event "Lichtenberger Sommer 2023"]
[Site "Berlin"]
[Date "2023.08.17"]
[Round "6.27"]
[White "Krefenstein, Sergej"]
[Black "Omar, Samy"]
[Result "1-0"]
[WhiteElo "2065"]
[BlackElo "1896"]
[PlyCount "59"]
[EventDate "2023.??.??"]
[WhiteTeam "TuS Makkabi Berlin e.V."]
[BlackTeam "vereinslos"]

1. d4 d5 2. c4 c6 3. Nc3 f5 4. e3 e6 5. Bd3 Nf6 6. Nge2 Bd6 7. f3 O-O 8. Qc2 a5
9. c5 Bc7 10. Bd2 b6 11. cxb6 Bxb6 12. Na4 Nfd7 13. Nxb6 Qxb6 14. Rc1 Ba6 15.
Bxa6 Nxa6 16. Qxc6 Qxc6 17. Rxc6 Nb4 18. Bxb4 axb4 19. Nc1 Kf7 20. Kd2 Rfb8 21.
Kc2 Nb6 22. b3 Nc8 23. Kb2 Na7 24. Ra6 Rc8 25. Nd3 Rc3 26. Nxb4 Rxe3 27. Rc1
Re2+ 28. Rc2 Rxc2+ 29. Nxc2 Kf8 30. b4 1-0

[Event "Lichtenberger Sommer 2023"]
[Site "Berlin"]
[Date "2023.08.17"]
[Round "6.28"]
[White "Böddeker, Henry"]
[Black "Schmidt, Jürgen"]
[Result "1-0"]
[WhiteElo "2063"]
[BlackElo "1891"]
[PlyCount "77"]
[EventDate "2023.??.??"]
[WhiteTeam "SF Berlin 1903 e.V."]
[BlackTeam "SC Kreuzberg e.V."]

1. e4 e5 2. Nf3 Nc6 3. Bc4 Nf6 4. Ng5 d5 5. exd5 Na5 6. Bb5+ c6 7. dxc6 bxc6 8.
Bd3 Bd6 9. O-O O-O 10. Nc3 h6 11. Nge4 Nxe4 12. Nxe4 f5 13. Nxd6 Qxd6 14. Re1
e4 15. Bf1 Be6 16. d3 Rad8 17. Bd2 Nb7 18. Bc3 Bd5 19. dxe4 fxe4 20. Qg4 Rf7
21. Rad1 Qc7 22. Qg3 Qxg3 23. hxg3 a5 24. a4 Rdf8 25. Bd4 Re7 26. Re3 Rfe8 27.
Rde1 c5 28. Bc3 Bc6 29. b3 Kf8 30. Rd1 Ra8 31. Kh2 Rd8 32. Bc4 Rde8 33. g4 Rc8
34. Kg3 Ra8 35. g5 hxg5 36. Rh1 Ree8 37. Rh7 Ke7 38. Rxg7+ Kd6 39. Re1 1-0

[Event "Lichtenberger Sommer 2023"]
[Site "Berlin"]
[Date "2023.08.17"]
[Round "6.29"]
[White "Donath, Johann"]
[Black "Matitschka, Heinz"]
[Result "1-0"]
[WhiteElo "2043"]
[BlackElo "1883"]
[PlyCount "77"]
[EventDate "2023.??.??"]
[WhiteTeam "BSV 63 Chemie Weißensee"]
[BlackTeam "TSG Oberschöneweide e.V."]

1. e4 c5 2. Nf3 e6 3. b3 b6 4. Bb2 Bb7 5. Nc3 Nc6 6. d4 cxd4 7. Nxd4 Nf6 8.
Nxc6 Bxc6 9. Bd3 b5 10. e5 b4 11. Nb5 Nd5 12. Qd2 Be7 13. Nd6+ Kf8 14. O-O Nc3
15. Bxc3 bxc3 16. Qxc3 Bxd6 17. exd6 Qg5 18. f3 Qe3+ 19. Kh1 Rc8 20. Rfe1 Qb6
21. Be4 h5 22. Qd2 h4 23. h3 Rh5 24. c4 a5 25. Rab1 Qb4 26. Qd4 Qc5 27. Qxc5
Rxc5 28. Bd3 Bb7 29. Rec1 f5 30. Rd1 R5c6 31. Be2 Rb6 32. a3 Rcc6 33. Rdc1 Rc5
34. b4 axb4 35. axb4 Re5 36. c5 Rxd6 37. cxd6 Rxe2 38. Rc7 Bc6 39. b5 1-0

[Event "Lichtenberger Sommer 2023"]
[Site "Berlin"]
[Date "2023.08.17"]
[Round "6.31"]
[White "Witte, Ronald"]
[Black "Matitschka, Johannes"]
[Result "1-0"]
[WhiteElo "1973"]
[BlackElo "1855"]
[PlyCount "65"]
[EventDate "2023.??.??"]
[WhiteTeam "BSV 63 Chemie Weißensee"]
[BlackTeam "TSG Oberschöneweide e.V."]

1. d4 Nf6 2. c4 c5 3. d5 e6 4. Nc3 exd5 5. cxd5 d6 6. Nf3 g6 7. Nd2 Bg7 8. e4
O-O 9. Be2 a6 10. a4 Nbd7 11. h3 Rb8 12. O-O Ne8 13. Ra3 Nc7 14. Rb3 Re8 15.
Nc4 Qe7 16. Bf4 Ne5 17. Nb6 Na8 18. Nxc8 Rexc8 19. a5 c4 20. Rb4 b5 21. axb6
Rxb6 22. Rxb6 Nxb6 23. Be3 Qb7 24. f4 Nd3 25. Bxd3 cxd3 26. Qxd3 Nc4 27. Nd1
Nxe3 28. Qxe3 Rc4 29. Kh1 Bxb2 30. Nxb2 Qxb2 31. f5 Qe5 32. f6 Rxe4 33. Qh6 1-0

[Event "Lichtenberger Sommer 2023"]
[Site "Berlin"]
[Date "2023.08.17"]
[Round "6.33"]
[White "Stärk, Elisa"]
[Black "Bezhenar, Georgy"]
[Result "0-1"]
[WhiteElo "1965"]
[BlackElo "1833"]
[PlyCount "98"]
[EventDate "2023.??.??"]
[WhiteTeam "SV Empor Berlin e.V."]
[BlackTeam "SC Kreuzberg e.V."]

1. d4 Nf6 2. Nf3 e6 3. g3 b5 4. Bg2 Bb7 5. O-O c5 6. c3 Be7 7. Bf4 O-O 8. dxc5
Bxc5 9. Bd6 Bxd6 10. Qxd6 Ne4 11. Qd3 a6 12. Nbd2 Nxd2 13. Qxd2 Qc7 14. Rad1 d5
15. Nd4 Nd7 16. h4 Nc5 17. Nb3 Na4 18. g4 Qe7 19. g5 Rac8 20. Nd4 Nc5 21. f4 f6
22. Qe3 Ne4 23. Bh3 f5 24. a3 g6 25. Nf3 a5 26. Rc1 b4 27. cxb4 axb4 28. Ne5 d4
29. Qd3 bxa3 30. bxa3 Rc3 31. Rxc3 dxc3 32. Bg2 Rd8 33. Qb5 c2 34. Nd3 Bd5 35.
Qb4 Qa7+ 36. Kh2 Rb8 37. Qe1 Rb1 38. Nc1 Qxa3 39. Bxe4 Bxe4 40. Qd2 Qe7 41. Qd4
Qc7 42. e3 Rb8 43. Rg1 Rd8 44. Qf6 Rd2+ 45. Kh3 Qb6 46. Qc3 Rd1 47. Kh2 Qd8 48.
Qc4 Rxc1 49. Qxe6+ Kf8 0-1

[Event "Lichtenberger Sommer 2023"]
[Site "Berlin"]
[Date "2023.08.17"]
[Round "6.34"]
[White "Damm, Yannic"]
[Black "Heerde, Thomas"]
[Result "1/2-1/2"]
[WhiteElo "1873"]
[BlackElo "1956"]
[PlyCount "118"]
[EventDate "2023.??.??"]
[WhiteTeam "SC Bonn Beuel"]
[BlackTeam "SK Zehlendorf e.V."]

1. d4 Nf6 2. Nf3 g6 3. g3 Bg7 4. Bg2 O-O 5. O-O d6 6. b3 Nbd7 7. Bb2 c6 8. Re1
Qc7 9. e4 e5 10. dxe5 dxe5 11. Nbd2 b5 12. a4 Bb7 13. Qe2 a6 14. b4 Rfe8 15. c4
bxa4 16. c5 a5 17. Rxa4 axb4 18. Rxa8 Rxa8 19. Qc4 Ba6 20. Qxb4 Ne8 21. Ra1 Rb8
22. Qa3 Be2 23. Bc3 Qd8 24. Bf1 Bxf1 25. Kxf1 f6 26. Nc4 Bf8 27. Nd6 Nxd6 28.
cxd6 Kg7 29. Nd2 Nb6 30. Qa7+ Kh8 31. Ba5 Ra8 32. Qb7 Bxd6 33. Qxc6 Bb4 34. Nc4
Qd3+ 35. Kg2 Qxc4 36. Qxf6+ Kg8 37. Qxb6 Qxe4+ 38. Kg1 Bxa5 39. Rxa5 Qe1+ 40.
Kg2 Qxa5 41. Qe6+ Kf8 42. Qd6+ Ke8 43. Qe6+ Kd8 44. Qg8+ Kc7 45. Qxh7+ Kb8 46.
Qg8+ Kb7 47. Qf7+ Qc7 48. Qb3+ Ka7 49. Qa4+ Kb7 50. Qb5+ Kc8 51. Qe8+ Qd8 52.
Qc6+ Kb8 53. Qb5+ Ka7 54. Qa4+ Kb6 55. Qb3+ Kc5 56. Qc2+ Kd4 57. Qd1+ Kc5 58.
Qc2+ Kd5 59. Qd3+ Kc5 1/2-1/2

[Event "Lichtenberger Sommer 2023"]
[Site "Berlin"]
[Date "2023.08.17"]
[Round "6.35"]
[White "Rogozenco, Teodora"]
[Black "Winkler, Michael"]
[Result "1-0"]
[WhiteElo "1952"]
[BlackElo "1642"]
[PlyCount "53"]
[EventDate "2023.??.??"]
[WhiteTeam "Hamburger SK von 1830 eV"]
[BlackTeam "ESV 1949 Eberswalde e.V."]

1. d4 d5 2. c4 c6 3. Nc3 Nf6 4. Nf3 Bf5 5. cxd5 cxd5 6. Qb3 b6 7. Bf4 Nc6 8.
Ne5 Rc8 9. Nxc6 Rxc6 10. e4 Bd7 11. exd5 Rc8 12. Ba6 Rxc3 13. bxc3 g6 14. O-O
Bg7 15. Be5 O-O 16. c4 Ne4 17. Bxg7 Kxg7 18. Rfe1 f5 19. f3 Nf6 20. c5 f4 21.
Re5 Bf5 22. Rae1 Rf7 23. Bc4 Nd7 24. R5e2 Nf8 25. Qc3 Qc8 26. Rxe7 Kf6 27. d6
1-0

[Event "Lichtenberger Sommer 2023"]
[Site "Berlin"]
[Date "2023.08.17"]
[Round "6.36"]
[White "Scheide, Helmut"]
[Black "Bauder, Herbert"]
[Result "1/2-1/2"]
[WhiteElo "1832"]
[BlackElo "1926"]
[PlyCount "33"]
[EventDate "2023.??.??"]
[WhiteTeam "USV Potsdam e.V., Abt. Schach"]
[BlackTeam "SG Lasker Steglitz"]

1. d4 Nf6 2. Nf3 g6 3. g3 Bg7 4. Bg2 O-O 5. c4 d6 6. Nc3 c6 7. e4 Nfd7 8. Be3
e5 9. d5 c5 10. Qd2 a6 11. O-O Nf6 12. Bg5 Bd7 13. a4 a5 14. Nh4 Na6 15. h3 Qb6
16. Nf3 Nh5 17. Nh2 1/2-1/2

[Event "Lichtenberger Sommer 2023"]
[Site "Berlin"]
[Date "2023.08.17"]
[Round "6.37"]
[White "Ellert, Stefan"]
[Black "Möwisch, Dave"]
[Result "0-1"]
[WhiteElo "1630"]
[BlackElo "1922"]
[PlyCount "80"]
[EventDate "2023.??.??"]
[WhiteTeam "SV Empor Berlin e.V."]
[BlackTeam "Potsdamer SV Mitte e.V."]

1. d4 Nf6 2. Nf3 d5 3. Bf4 c5 4. c3 Nc6 5. e3 Qb6 6. Qb3 c4 7. Qxb6 axb6 8. Na3
Bf5 9. Nb5 Ra5 10. a4 Bc2 11. Ne5 Nxe5 12. dxe5 Nh5 13. Be2 Nxf4 14. exf4 e6
15. Bd1 Bxd1 16. Kxd1 Bc5 17. Ke2 Ke7 18. Ra2 h5 19. Rb1 f6 20. h4 fxe5 21.
fxe5 Rf8 22. Rf1 Rf4 23. g3 Re4+ 24. Kf3 Ra8 25. Nd6 Bxd6 26. exd6+ Kxd6 27. b4
cxb3 28. Rb2 Rexa4 29. Rxb3 R8a6 30. Rfb1 Kc6 31. Ke3 Ra3 32. Kf4 Rxb3 33. Rxb3
Kc5 34. Kg5 Kc4 35. Rb1 Kxc3 36. Rc1+ Kb2 37. Rc7 d4 38. Kxh5 d3 39. Kg6 Ra5
40. Rxb7 d2 0-1

[Event "Lichtenberger Sommer 2023"]
[Site "Berlin"]
[Date "2023.08.17"]
[Round "6.38"]
[White "Schülke, Rosalie"]
[Black "Zesewitz, Martin"]
[Result "0-1"]
[WhiteElo "1387"]
[BlackElo "1916"]
[PlyCount "78"]
[EventDate "2023.??.??"]
[WhiteTeam "SV Königsjäger Süd-West e.V."]
[BlackTeam "SV SF Friedrichshagen"]

1. e4 c6 2. Nf3 d5 3. Nc3 Bg4 4. h3 Bxf3 5. Qxf3 Nf6 6. exd5 cxd5 7. Bb5+ Nc6
8. O-O e6 9. d3 Be7 10. Bf4 O-O 11. Ba4 Rc8 12. a3 a6 13. Ne2 Qb6 14. Rab1 Qa5
15. Bxc6 Rxc6 16. Nd4 Rcc8 17. Nb3 Qa4 18. Rbc1 Rc6 19. d4 Rfc8 20. Qd3 Nd7 21.
Bd2 Nb6 22. Na1 Qc4 23. Qg3 Bf8 24. c3 Qb5 25. Rc2 Nc4 26. Bc1 Nd6 27. h4 Nf5
28. Qg4 Qb6 29. Re2 Qd8 30. Bg5 Qb6 31. Bc1 Nxd4 32. Re3 Nf5 33. Ree1 Rc4 34.
Qf3 Rxh4 35. g4 Rc4 36. Bf4 Nh6 37. Bg3 Rhxg4 38. Nc2 Rxg3+ 39. Qxg3 Rg4 0-1

[Event "Lichtenberger Sommer 2023"]
[Site "Berlin"]
[Date "2023.08.17"]
[Round "6.39"]
[White "Beran, Rolf-Dietrich"]
[Black "Tedesco, Gennaro"]
[Result "1/2-1/2"]
[WhiteElo "1899"]
[BlackElo "1712"]
[PlyCount "95"]
[EventDate "2023.??.??"]
[WhiteTeam "SG Rot-Weiß Neuenhagen"]
[BlackTeam "SC Kreuzberg e.V."]

1. c4 c5 2. Nc3 Nc6 3. g3 g6 4. Bg2 Bg7 5. d3 d6 6. e3 e5 7. Nge2 Nge7 8. O-O
O-O 9. h3 Be6 10. Nd5 Rb8 11. Nec3 a6 12. a4 f5 13. Kh2 h6 14. f4 Bf7 15. Rb1
a5 16. Bd2 Nxd5 17. Nxd5 Nb4 18. Bxb4 axb4 19. Qd2 Kh7 20. b3 Bxd5 21. Bxd5 b6
22. Qg2 Qe7 23. Rbe1 Qf6 24. Qc2 Rbe8 25. e4 exf4 26. gxf4 Qh4 27. Qg2 Bd4 28.
Re2 Re7 29. exf5 gxf5 30. Rxe7+ Qxe7 31. Bf3 Rg8 32. Qe2 Qxe2+ 33. Bxe2 Re8 34.
Bh5 Re3 35. Rd1 Re7 36. Kg2 Re3 37. Rd2 Bc3 38. Rd1 Bd4 39. Rd2 Kg7 40. Rd1 Kf6
41. Rd2 Bc3 42. Rd1 Bd4 43. Rd2 Re7 44. Kf3 Re3+ 45. Kg2 Bc3 46. Rd1 Re7 47.
Kf2 Rg7 48. Kf3 1/2-1/2

[Event "Lichtenberger Sommer 2023"]
[Site "Berlin"]
[Date "2023.08.17"]
[Round "6.40"]
[White "Matthes, Benjamin"]
[Black "Vandre, Wolfgang"]
[Result "0-1"]
[WhiteElo "1848"]
[BlackElo "2095"]
[PlyCount "74"]
[EventDate "2023.??.??"]
[WhiteTeam "SC Oranienburg e.V."]
[BlackTeam "SC Berolina Mitte e.V."]

1. e4 c5 2. Nf3 d6 3. d4 cxd4 4. Nxd4 Nf6 5. Nc3 a6 6. Bg5 e6 7. f4 Nbd7 8. Qf3
Be7 9. O-O-O Qc7 10. g4 h6 11. Bxf6 gxf6 12. f5 Ne5 13. Qh3 Bd7 14. fxe6 fxe6
15. Qh5+ Nf7 16. h4 Qc5 17. Bh3 Qe5 18. Kb1 Rg8 19. Rhf1 Rc8 20. Qxe5 dxe5 21.
Nf3 Bb4 22. Rd3 Bxc3 23. Rxc3 Rxc3 24. bxc3 Bb5 25. Rf2 Ke7 26. Nd2 Rc8 27. Kb2
Rd8 28. Kc1 Nd6 29. Bf1 Bc6 30. Bd3 Rg8 31. Be2 Bxe4 32. Nc4 Nxc4 33. Bxc4 Rxg4
34. h5 f5 35. Rf1 Rg2 36. Bb3 Rh2 37. Rg1 Rh1 0-1

[Event "Lichtenberger Sommer 2023"]
[Site "Berlin"]
[Date "2023.08.17"]
[Round "6.41"]
[White "Krüger, Ekkehard"]
[Black "Plump, Detlef"]
[Result "0-1"]
[WhiteElo "1842"]
[BlackElo "2089"]
[PlyCount "154"]
[EventDate "2023.??.??"]
[WhiteTeam "SG NARVA Berlin e.V."]
[BlackTeam "Bremer SG von 1877"]

1. d4 Nf6 2. Nf3 e6 3. Bf4 d5 4. e3 Bd6 5. Be5 O-O 6. Bd3 c5 7. c3 Nc6 8. Bxd6
Qxd6 9. O-O e5 10. dxe5 Nxe5 11. Nxe5 Qxe5 12. Nd2 Bg4 13. Be2 Bf5 14. Nf3 Qe7
15. h3 Rad8 16. Qa4 a6 17. Qf4 Be4 18. a4 Rfe8 19. Rfd1 h6 20. g4 g5 21. Qg3
Bc2 22. Rdc1 Bg6 23. Rd1 Ne4 24. Qg2 Rd6 25. Nd2 Nf6 26. Bf3 Red8 27. Nf1 b6
28. Be2 a5 29. Bd3 Be4 30. f3 Bg6 31. Qc2 Kg7 32. Re1 Qe5 33. Qd2 Bxd3 34. Qxd3
h5 35. Kg2 h4 36. Rad1 R8d7 37. Qc2 Re6 38. Kf2 Rde7 39. Rd2 Rd6 40. Red1 Red7
41. b3 d4 42. exd4 cxd4 43. cxd4 Rxd4 44. Rxd4 Rxd4 45. Rxd4 Qxd4+ 46. Ke1 Qe5+
47. Qe2 Qxe2+ 48. Kxe2 Nd5 49. Kd3 Kf6 50. Kc4 Ke6 51. Kd4 Nf4 52. Kc4 Kd6 53.
Kd4 Nxh3 54. Nd2 f6 55. Nc4+ Kc6 56. Ke4 Nf4 57. Ne3 h3 58. Nf1 Nd5 59. Kd4 Nf4
60. Kc4 Nd5 61. Kd4 Kd6 62. Ng3 h2 63. Nh1 Nf4 64. Kc4 Ke5 65. b4 axb4 66. Kxb4
Kd4 67. Kb5 Nd5 68. Ng3 Ke3 69. Nf1+ Kf2 70. Nxh2 Kg2 71. Kc6 Nc3 72. Kxb6
Nxa4+ 73. Kc6 Kxh2 74. Kd5 Kg3 75. Ke4 Nc5+ 76. Kf5 Kxf3 77. Kxf6 Kxg4 0-1

[Event "Lichtenberger Sommer 2023"]
[Site "Berlin"]
[Date "2023.08.17"]
[Round "6.43"]
[White "Adamski, Adam"]
[Black "Jesse, Timo"]
[Result "0-1"]
[WhiteElo "1761"]
[BlackElo "2034"]
[PlyCount "92"]
[EventDate "2023.??.??"]
[WhiteTeam "Sparta Bialoleka"]
[BlackTeam "ESV 1949 Eberswalde e.V."]

1. e4 e6 2. b3 d5 3. Bb2 dxe4 4. Nc3 Nf6 5. Qe2 Be7 6. O-O-O Nbd7 7. Nxe4 b6 8.
g3 Bb7 9. Bg2 Nxe4 10. Bxe4 Bxe4 11. Qxe4 O-O 12. Nf3 Nf6 13. Qd4 c5 14. Qxd8
Rfxd8 15. Ne5 Rac8 16. f4 Ne4 17. Rhf1 b5 18. d3 Nd6 19. Rfe1 Rc7 20. c4 a6 21.
Kc2 Nf5 22. Nf3 Bf6 23. Bxf6 gxf6 24. Kc3 b4+ 25. Kc2 h5 26. Kd2 Rcd7 27. Ke2
a5 28. Rg1 a4 29. h3 h4 30. g4 Nd4+ 31. Nxd4 Rxd4 32. Ke3 axb3 33. axb3 e5 34.
fxe5 fxe5 35. Rd2 Kg7 36. Rf1 e4 37. Rfd1 Re8 38. dxe4 Rdxe4+ 39. Kf2 Rf4+ 40.
Kg2 Re3 41. Rd3 Rff3 42. Rxe3 Rxe3 43. Rd5 Rg3+ 44. Kh2 Rxb3 45. Rxc5 Rc3 46.
Rc6 Rc2+ 0-1

[Event "Lichtenberger Sommer 2023"]
[Site "Berlin"]
[Date "2023.08.17"]
[Round "6.44"]
[White "Rouditser, Benjamin"]
[Black "Keusch, Horst"]
[Result "1-0"]
[WhiteElo "1756"]
[BlackElo "2000"]
[PlyCount "101"]
[EventDate "2023.??.??"]
[WhiteTeam "SG Lasker Stegli"]
[BlackTeam "SC Friesen Lichtenberg e.V."]

1. d4 f5 2. Bg5 g6 3. Nc3 Bg7 4. e3 Nf6 5. h4 h6 6. Bxf6 Bxf6 7. Bc4 e6 8. h5
g5 9. g4 d5 10. Bd3 O-O 11. gxf5 exf5 12. Qf3 c6 13. Nge2 Bg7 14. O-O-O b5 15.
Rdg1 Be6 16. Qg2 Qe7 17. f3 Na6 18. a3 b4 19. Bxa6 bxc3 20. Nxc3 Bc8 21. Bxc8
Raxc8 22. Qd2 Rb8 23. Re1 Qb7 24. b3 Rf7 25. Rh2 Bf8 26. Nb1 Qa6 27. b4 Rfb7
28. c3 Rb6 29. Qc2 Qc8 30. e4 a5 31. exf5 axb4 32. axb4 c5 33. dxc5 Bxc5 34.
Rhe2 Bf8 35. Qd3 Qd7 36. Re6 Rxe6 37. fxe6 Qe7 38. Qxd5 Rd8 39. Qf5 Kh8 40. Rd1
Rxd1+ 41. Kxd1 Qd6+ 42. Kc2 Bg7 43. Kb3 Qd1+ 44. Kc4 Qd6 45. Qe4 Qe7 46. b5
Qc7+ 47. Kb3 Qe7 48. b6 Qe8 49. e7 Bf6 50. b7 Bxe7 51. Qe5+ 1-0

[Event "Lichtenberger Sommer 2023"]
[Site "Berlin"]
[Date "2023.08.17"]
[Round "6.45"]
[White "Guder, Sibylle"]
[Black "Dreke, Frank"]
[Result "0-1"]
[WhiteElo "1796"]
[BlackElo "1946"]
[PlyCount "60"]
[EventDate "2023.??.??"]
[WhiteTeam "SF Berlin 1903 e.V."]
[BlackTeam "SV Mattnetz Berlin e.V."]

1. c4 e6 2. Nf3 Nf6 3. b3 d5 4. Bb2 c5 5. e3 Nc6 6. cxd5 exd5 7. Be2 d4 8. exd4
cxd4 9. Bd3 Qe7+ 10. Qe2 Nb4 11. Bb5+ Bd7 12. Bxd7+ Nxd7 13. Qxe7+ Bxe7 14. Kd1
Rc8 15. Na3 Nd3 16. Nc4 b5 17. Bxd4 bxc4 18. bxc4 Rxc4 19. Bxa7 N7c5 20. Rf1
O-O 21. Rb1 Bf6 22. Bxc5 Rxc5 23. Ne1 Nb2+ 24. Ke2 Rd5 25. d3 Rfd8 26. h3 Ra5
27. Rc1 Rxa2 28. Rc2 Ra3 29. f4 Nxd3 30. Nxd3 Raxd3 0-1

[Event "Lichtenberger Sommer 2023"]
[Site "Berlin"]
[Date "2023.08.17"]
[Round "6.46"]
[White "Guenther, Thomas"]
[Black "Kandeler, Christian"]
[Result "1-0"]
[WhiteElo "1945"]
[BlackElo "1804"]
[PlyCount "71"]
[EventDate "2023.??.??"]
[WhiteTeam "vereinslos"]
[BlackTeam "TSG Oberschöneweide e.V."]

1. d4 Nf6 2. Nf3 g6 3. g3 c6 4. Nbd2 d5 5. Bg2 Bg7 6. O-O O-O 7. Ne5 Bf5 8. h3
h5 9. f4 Nbd7 10. c3 a5 11. e3 Qc7 12. Qe2 Qd6 13. g4 hxg4 14. hxg4 Be4 15. Bh3
e6 16. Kf2 Qe7 17. g5 Nh5 18. Nxe4 dxe4 19. Bg2 Bxe5 20. dxe5 Nc5 21. Bh3 Nd3+
22. Kg2 Rad8 23. Bg4 Ng7 24. Bd2 Nf5 25. Bxf5 exf5 26. c4 b6 27. Bc3 Qe6 28.
Kg3 Kg7 29. Rh1 Rh8 30. Qc2 Rh5 31. Rxh5 gxh5 32. Rh1 Kg6 33. Rxh5 Kg7 34. Rh6
Qc8 35. e6+ Kf8 36. Rh8+ 1-0

[Event "Lichtenberger Sommer 2023"]
[Site "Berlin"]
[Date "2023.08.17"]
[Round "6.47"]
[White "Stein, Siegfried"]
[Black "Paashaus, Detlef"]
[Result "1/2-1/2"]
[WhiteElo "1730"]
[BlackElo "1931"]
[PlyCount "42"]
[EventDate "2023.??.??"]
[WhiteTeam "SV Berolina Mitte e.V."]
[BlackTeam "HSK Lister Turm"]

1. e4 g6 2. d4 Bg7 3. Be3 d6 4. Nc3 e6 5. Qd2 h6 6. f3 Ne7 7. O-O-O Nd7 8. g4
e5 9. Nge2 Nb6 10. Ng3 Nc6 11. Bb5 exd4 12. Bxd4 Nc4 13. Qf4 g5 14. Nh5 gxf4
15. Bxg7 Ne3 16. Nf6+ Ke7 17. Ncd5+ Nxd5 18. Nxd5+ Kd7 19. Nf6+ Ke7 20. Nd5+
Kd7 21. Nf6+ Ke7 1/2-1/2

[Event "Lichtenberger Sommer 2023"]
[Site "Berlin"]
[Date "2023.08.17"]
[Round "6.48"]
[White "Heß, Jürgen"]
[Black "Schilling, Hans"]
[Result "1-0"]
[WhiteElo "1922"]
[BlackElo "1763"]
[PlyCount "43"]
[EventDate "2023.??.??"]
[WhiteTeam "SG Arnstadt-Stadtilm"]
[BlackTeam "SF Nordost Berlin"]

1. e4 e6 2. d4 d5 3. Nd2 dxe4 4. Nxe4 Nd7 5. Nf3 Ngf6 6. Nxf6+ Nxf6 7. Bc4 Be7
8. O-O O-O 9. c3 c5 10. Qe2 cxd4 11. Nxd4 a6 12. h3 Qc7 13. Bg5 b5 14. Bb3 Qc5
15. Be3 Qc7 16. Rfe1 Bc5 17. Rad1 Re8 18. Nf3 Bxe3 19. Qxe3 Bb7 20. Rd2 Nd5 21.
Bxd5 Bxd5 22. Rxd5 1-0

[Event "Lichtenberger Sommer 2023"]
[Site "Berlin"]
[Date "2023.08.17"]
[Round "6.49"]
[White "Hauer, Andreas"]
[Black "Duppel, Yago"]
[Result "0-1"]
[WhiteElo "1912"]
[BlackElo "1743"]
[PlyCount "64"]
[EventDate "2023.??.??"]
[WhiteTeam "SC Turm Illingen"]
[BlackTeam "SV Königsjäger Süd-West e.V."]

1. e4 e6 2. d3 d5 3. Qe2 Be7 4. Nf3 Nf6 5. g3 b5 6. Bg2 O-O 7. O-O c5 8. e5
Nfd7 9. c4 bxc4 10. dxc4 Ba6 11. b3 Nc6 12. Re1 Ndxe5 13. Nxe5 Nxe5 14. Bb2 Ng6
15. Nc3 Rb8 16. f4 dxc4 17. f5 exf5 18. Nd5 Bd6 19. Rad1 Kh8 20. bxc4 Bxc4 21.
Bxg7+ Kxg7 22. Qxc4 Re8 23. Qc3+ Re5 24. Ne3 Qf6 25. Rf1 Rxe3 26. Qxe3 c4 27.
Qd4 Qxd4+ 28. Rxd4 Bc5 29. Rfd1 Rd8 30. Kh1 Rxd4 31. Rc1 c3 32. h3 Ne5 0-1

[Event "Lichtenberger Sommer 2023"]
[Site "Berlin"]
[Date "2023.08.17"]
[Round "6.50"]
[White "Lorenz, Veronika"]
[Black "Kuhn, Christian"]
[Result "1-0"]
[WhiteElo "1668"]
[BlackElo "1911"]
[PlyCount "81"]
[EventDate "2023.??.??"]
[WhiteTeam "TSG Oberschöneweide e.V."]
[BlackTeam "SK König Tegel 1949 e.V."]

1. e4 e5 2. Nf3 Nc6 3. Bb5 a6 4. Ba4 Nf6 5. O-O Be7 6. Re1 b5 7. Bb3 O-O 8. d3
d6 9. c3 Na5 10. Bc2 c5 11. h3 h6 12. d4 cxd4 13. cxd4 exd4 14. Nxd4 Re8 15.
Nc3 Bb7 16. a3 Rc8 17. Nf5 Bf8 18. Qd3 Qc7 19. Qg3 Kh8 20. Qh4 Ng8 21. g4 Qd8
22. g5 g6 23. Ng3 d5 24. Rd1 d4 25. Be3 Bg7 26. Nge2 Nc6 27. Bb3 Ne5 28. Qg3
hxg5 29. Nxd4 Qc7 30. Bxg5 Bh6 31. Bxh6 Nxh6 32. Rac1 Qb8 33. Qf4 Kg7 34. Bd5
Ng8 35. Bxb7 Qxb7 36. Qg3 Nf6 37. Nf5+ Kf8 38. Nd6 Qb8 39. Nxc8 Rxc8 40. Qe3
Kg7 41. Nd5 1-0

[Event "Lichtenberger Sommer 2023"]
[Site "Berlin"]
[Date "2023.08.17"]
[Round "6.51"]
[White "Knol, Daniel"]
[Black "Kuban, Andreas"]
[Result "1-0"]
[WhiteElo "1910"]
[BlackElo "1740"]
[PlyCount "101"]
[EventDate "2023.??.??"]
[WhiteTeam "Schaakvereniging Almere"]
[BlackTeam "SC Zugzwang 95 e.V."]

1. e4 c5 2. c3 Nf6 3. e5 Nd5 4. Nf3 Nc6 5. Bc4 Nb6 6. Bb3 d5 7. exd6 Qxd6 8.
O-O Be6 9. Bxe6 Qxe6 10. d4 cxd4 11. Nxd4 Nxd4 12. Qxd4 Rd8 13. Qh4 Qe2 14. f3
e6 15. Qf2 Qxf2+ 16. Kxf2 Bc5+ 17. Ke2 O-O 18. Nd2 Nd5 19. Ne4 Bb6 20. Bd2 f5
21. Nf2 e5 22. Rad1 Rfe8 23. Rfe1 Nf4+ 24. Bxf4 exf4+ 25. Kf1 Rxe1+ 26. Rxe1
Kf7 27. Rd1 Rxd1+ 28. Nxd1 Ke6 29. Ke2 Kd5 30. Kd3 g5 31. c4+ Ke5 32. b4 Bd4
33. Nc3 h5 34. c5 Bf2 35. Kc4 a6 36. b5 axb5+ 37. Nxb5 g4 38. Nd6 b6 39. Nf7+
Ke6 40. c6 Be1 41. Kb5 Bf2 42. Ne5 Kd6 43. Nf7+ Kc7 44. Nh6 h4 45. h3 gxh3 46.
gxh3 Bd4 47. Nxf5 Bf6 48. a4 Bd8 49. Nd4 Kd6 50. Ne2 Ke5 51. Ka6 1-0

[Event "Lichtenberger Sommer 2023"]
[Site "Berlin"]
[Date "2023.08.17"]
[Round "6.52"]
[White "Hoppe, Arthur"]
[Black "Mannaberg, Steffen"]
[Result "1/2-1/2"]
[WhiteElo "1591"]
[BlackElo "1903"]
[PlyCount "58"]
[EventDate "2023.??.??"]
[WhiteTeam "SC Kreuzberg e.V."]
[BlackTeam "vereinslos"]

1. d4 d5 2. c4 c6 3. Nf3 Nf6 4. Nc3 Bf5 5. cxd5 cxd5 6. Qb3 Qb6 7. Nxd5 Qxb3 8.
Nxf6+ exf6 9. axb3 Bc2 10. e3 Bxb3 11. Bb5+ Kd8 12. Bd2 Bd5 13. Ke2 b6 14. Rhc1
a6 15. Bc4 Bxc4+ 16. Rxc4 Kd7 17. Rac1 Bd6 18. h3 Ra7 19. Bb4 Bxb4 20. Rxb4 b5
21. Rb3 Re8 22. Rbc3 a5 23. Nd2 Re6 24. Nb3 Rc6 25. Rxc6 Nxc6 26. Nc5+ Kd6 27.
Ne4+ Kd7 28. Nc5+ Kc7 29. Ne4 Kb6 1/2-1/2

[Event "Lichtenberger Sommer 2023"]
[Site "Berlin"]
[Date "2023.08.17"]
[Round "6.53"]
[White "Eis, Cedric"]
[Black "Geldner, Gerrit"]
[Result "1/2-1/2"]
[WhiteElo "1557"]
[BlackElo "1900"]
[PlyCount "59"]
[EventDate "2023.??.??"]
[WhiteTeam "SF Berlin 1903 e.V."]
[BlackTeam "SV Roter Turm Halle"]

1. e4 c5 2. c3 Nf6 3. e5 Nd5 4. d4 cxd4 5. cxd4 d6 6. Nf3 Nc6 7. Bc4 Nb6 8. Bb3
dxe5 9. Nxe5 Nxe5 10. dxe5 Qxd1+ 11. Bxd1 Bd7 12. O-O Bc6 13. Nc3 e6 14. Be2
Be7 15. Be3 O-O 16. Rac1 Rfd8 17. Rfd1 Rxd1+ 18. Rxd1 Rc8 19. h3 Nd5 20. Nxd5
Bxd5 21. Bf3 Bxa2 22. Rd7 Kf8 23. Rxb7 a5 24. Ra7 Bb4 25. Bb6 Rc2 26. Bxa5 Bc5
27. Ra8+ Ke7 28. Bd8+ Kd7 29. Bh4 Rxb2 30. Rd8+ 1/2-1/2